Normal view
MARC view
Entry Término temático
001 - NÚMERO DE CONTROL
- campo de control: 21828
003 - IDENTIFICADOR DEL NÚMERO DE CONTROL
- campo de control: FranzMayer
005 - FECHA Y HORA DE LA ÚLTIMA TRANSACCIÓN
- campo de control: 20190320210410.0
008 - DATOS DE LONGITUD FIJA
- campo de control de longitud fija: 190320|| aca||aabn | a|a d
040 ## - FUENTE DE LA CATALOGACIÓN
- Centro catalogador/agencia de origen: FranzMayer
- Centro/agencia transcriptor: FranzMayer
150 ## - ENCABEZAMIENTO--TÉRMINO DE MATERIA
- Término de materia o nombre geográfico como elemento de entrada: Iglesia católica
- Subdivisión de forma: Missal
670 ## - FUENTE DE DATOS ENCONTRADOS
- Cita de la fuente: Work cat.: (FranzMayer): Serrate, Francisco de San Nicolas 21827, Ceremonial de la misa, y oficio divino segvn el orden de la santa iglesia romana, sus vltimas disposiciones, rubricas, y decretos, 1721